Państwa znajdujące się na Saharze - Statystyki

Ogólne statystyki
  • Ten quiz został rozwiązany 91 razy
  • Średni wynik to 10 z 11
Statystyki odpowiedzi
Państwo % Poprawnych
Egipt
98%
Niger
98%
Algieria
96%
Libia
96%
Maroko
95%
Sudan
95%
Czad
91%
Mali
89%
Tunezja
89%
Mauretania
88%
Erytrea
63%
Nie znaleziono quizów pasujących do podanych kryteriów
Rozkład punktacji
Procent ludzi z każdym wynikiem
Percentyl według liczby udzielonych odpowiedzi
Twoja historia wyników
Nie rozwiązałeś tego quizu